MCSE: Windows 2000 professional study guide (Record no. 50806)

MARC details
000 -LEADER
fixed length control field 00810nam a2200217 a 4500
008 - FIXED-LENGTH DATA ELEMENTS--GENERAL INFORMATION
fixed length control field 060316s2000 ||||||||||||||||| || u
020 ## - INTERNATIONAL STANDARD BOOK NUMBER
International Standard Book Number 0782127517
050 ## - LIBRARY OF CONGRESS CALL NUMBER
Classification number QA 76.76.W56 Don
100 ## - MAIN ENTRY--PERSONAL NAME
Personal name Donald, Lisa
245 10 - TITLE STATEMENT
Title MCSE: Windows 2000 professional study guide
260 ## - PUBLICATION, DISTRIBUTION, ETC.
Place of publication, distribution, etc. San Francisco :
Name of publisher, distributor, etc. Sybex
Date of publication, distribution, etc. 2000.
300 ## - PHYSICAL DESCRIPTION
Extent xlviii, 862 p. : ill.
350 ## - PRICE (NR) (BK AM CF MU VM SE) [OBSOLETE]
Price 0.00
500 ## - GENERAL NOTE
General note "Exam 70-210"--Cover.
650 ## - SUBJECT ADDED ENTRY--TOPICAL TERM
Topical term or geographic name entry element MICROSOFT WINDOWS (COMPUTER FILE)
650 ## - SUBJECT ADDED ENTRY--TOPICAL TERM
Topical term or geographic name entry element ELECTRONICS--DATA PROCESSING PERSONNEL--CERTIFICATION
650 ## - SUBJECT ADDED ENTRY--TOPICAL TERM
Topical term or geographic name entry element COMPUTERS
650 #0 - SUBJECT ADDED ENTRY--TOPICAL TERM
Topical term or geographic name entry element MICROSOFT SOFTWARE--EXAMINATIONS--STUDY GUIDES
700 ## - ADDED ENTRY--PERSONAL NAME
Personal name Chellis, James
995 ## - RECOMMENDATION 995 [LOCAL, UNIMARC FRANCE]
-- 0.00
-- CBU-MAIN LIBRARY (Kitwe)
-- 1
-- 1999.96
-- 1
-- AVAILABLE
-- Annex Low-Usage Collection
Holdings
Withdrawn status Lost status Source of classification or shelving scheme Damaged status Not for loan Home library Current library Shelving location Date acquired Total Checkouts Full call number Barcode Date last seen Price effective from Koha item type
          CBU-MAIN LIBRARY, KITWE. CBU-MAIN LIBRARY, KITWE.   11/30/2022   QA 76.76.W56 Don 46534 11/30/2022 11/30/2022 MONOGRAPH